000 01031cab a22002175a 4500
001 L146428
008 090120e20090116xxkdo f s 000 0 eng d
035 _a(Sirsi) u146428
041 0 _aeng
100 1 _aQuartermaine, Richard
245 0 0 _aSustainability costs
_brefurbishment
260 _c2009
490 0 _aBuilding
_v274 (8562) 16 January 2009, 52-56 (5)
520 _aReports on the study done to research the costs of improving existing commercial buildings to render them energy efficient; to find out what improvements were most cost effective; and to discover to which extent emissions could be reduced and at what cost. Finds that there are many low cost possibilities to improve energy efficiency, involving minimal disruption to the occupiers.
590 _aKA
650 2 4 _aCOMMERCIAL ENERGY PERFORMANCE CERTIFICATES
651 4 _aUnited Kingdom
_y
690 _aENVIRONMENTAL AND LAND CONSULTANCY-ENERGY-ENERGY USE-ENERGY EFFICIENCY
690 _aBUILT ENVIRONMENT-SUSTAINABLE CONSTRUCTION
942 _n0
999 _c81151
_d81151